Adivinhe o time de futebol pelo escudo - Statistics

Estatísticas Gerais
  • Esse quiz foi jogado 692 vezes
  • A pontuação média é 10 de 11
Estatísticas das Respostas
Imagem Resposta % Correto
Barcelona
99%
Real Madrid
98%
Flamengo
94%
Palmeiras
94%
São Paulo
94%
Fluminense
93%
Grêmio
93%
Manchester United
93%
Santos
93%
Roma
90%
Bayern De Munique
88%
Nenhum quiz correspondente encontrado
Distribuição das Pontuações
Porcentagem de Pessoas com Cada Pontuação
Percentil de Números Respondidos
Sua Pontuação Histórica
Você não jogou esse quiz